A modern approach to verbal & non-verbal reasoning / (Record no. 166023)
[ view plain ]
| 000 -LEADER | |
|---|---|
| fixed length control field | 00792nam a22002177a 4500 |
| 005 - DATE AND TIME OF LATEST TRANSACTION | |
| control field | 20190711111523.0 |
| 010 ## - LCCN (DPL NO) | |
| LC control number | B-728408 |
| 020 ## - INTERNATIONAL STANDARD BOOK NUMBER | |
| Terms of availability | 750.00 |
| International Standard Book Number | 9789352832163 |
| 035 ## - SYSTEM CONTROL NUMBER | |
| System control number | B-728408 |
| 037 ## - SOURCE OF ACQUISITION | |
| Source of stock number/acquisition | RK Books |
| Stock number | dpl |
| 082 ## - DEWEY DECIMAL CLASSIFICATION NUMBER | |
| Classification number | 000 |
| 100 ## - MAIN ENTRY--PERSONAL NAME | |
| Personal name | Aggarwal,R.S. |
| 245 00 - TITLE STATEMENT | |
| Title | A modern approach to verbal & non-verbal reasoning / |
| Statement of responsibility, etc | by R.S. Aggarwal |
| 250 ## - EDITION STATEMENT | |
| Edition statement | rev. ed |
| 260 ## - PUBLICATION, DISTRIBUTION, ETC. (IMPRINT) | |
| Place of publication, distribution, etc | New Delhi |
| Name of publisher, distributor, etc | S. Chand |
| Date of publication, distribution, etc | 2018 |
| 270 ## - ADDRESS | |
| Address | 7361, Ram Nagar, Qutab Road |
| City | New Delhi |
| Postal code | 110055 |
| 300 ## - PHYSICAL DESCRIPTION | |
| Extent | various paging: |
| Dimensions | 27cm(pbk) |
| Other physical details | ill. |
| 500 ## - GENERAL NOTE | |
| General note | useful for campus interviews also. |
| 942 ## - ADDED ENTRY ELEMENTS (KOHA) | |
| Source of classification or shelving scheme | Dewey Decimal Classification |
| Item type | English Books |
| Call number suffix | AGG |
| Classification part | 000 |
| Withdrawn status | Lost status | Not for loan | Collection code | Home library | Current library | Date acquired | Source of acquisition | Cost, normal purchase price | Full call number | Barcode | Copy number | Cost, replacement price | Koha item type | Public note |
|---|---|---|---|---|---|---|---|---|---|---|---|---|---|---|
| Non-fiction | Kadipur | Kadipur | 10/07/2019 | RK Books/IN569/2019-20/17.06.2019/09/06.06.2019/28.06.2019 | 750.00 | 000 AGG | B-728408 | 1 | 750.00 | English Books | Spl. power |
